[Event "Wijk aan Zee 71/579"]
[Site "?"]
[Date "1998.??.??"]
[Round "?"]
[White "Karpov, Anatoly"]
[Black "Shirov, Alexei"]
[Result "1/2-1/2"]
[WhiteElo "2735"]
[BlackElo "2710"]
[PlyCount "90"]
[EventDate "1998.??.??"]
[Source "ChessBase"]
[SourceDate "1997.10.01"]

1. c4 Nf6 2. Nc3 g6 3. g3 Bg7 4. Bg2 O-O 5. d4 d6 6. Nf3 Nc6 7. O-O a6 8. Re1 Rb8 9. Rb1 Na5 10. Qa4 b6 11. c5 Bd7 12. Qa3 Nc4 13. Qxa6 b5 14. Nd2 Nxd2 15. Bxd2 dxc5 16. a4 b4 17. Ne4 Nxe4 18. Bxe4 Bxd4 19. Rec1 Rb6 20. Qa5 Qc8 21. Qa7 Ra6 22. Qb7 Qxb7 23. Bxb7 Rxa4 24. e3 Be5 25. Rxc5 Bd6 26. Rcc1 Rb8 27. Bc6 Bxc6 28. Rxc6 Rba8 29. e4 Ra1 30. Rxa1 Rxa1+ 31. Kg2 Rd1 32. Bc1 f6 33. Kf3 g5 34. h3 Kf7 35. Rc4 h5 36. Ke2 Rh1 37. Bd2 Rh2 38. Kf3 b3 39. Bb4 Rxh3 40. Kg2 g4 41. Bxd6 cxd6 42. Rb4 Ke6 43. Rxb3 h4 44. Rb5 hxg3 45. f3 Rh8 1/2-1/2

[Event "Tilburg Fontys"]
[Site "Tilburg"]
[Date "1996.??.??"]
[Round "7"]
[White "Karpov, Anatoly"]
[Black "Gelfand, Boris"]
[Result "1/2-1/2"]
[WhiteElo "2775"]
[BlackElo "2665"]
[PlyCount "126"]
[EventDate "1996.10.11"]
[Source "ChessBase"]

1. d4 Nf6 2. c4 g6 3. g3 Bg7 4. Bg2 O-O 5. Nc3 d6 6. Nf3 Nc6 7. O-O a6 8. b3 Rb8 9. e3 b5 10. Nd2 Bg4 11. f3 Bd7 12. Qe2 Na5 13. Bb2 e5 14. dxe5 dxe5 15. cxb5 axb5 16. b4 Nb7 17. Nde4 Nxe4 18. Nxe4 f5 19. Nf2 Nd6 20. e4 Be6 21. Rfd1 Qe7 22. Nd3 fxe4 23. fxe4 Nc4 24. Bc1 h5 25. h3 Rbd8 26. Nc5 Rxd1+ 27. Qxd1 Rd8 28. Qe1 Bf7 29. a4 bxa4 30. Rxa4 Qd6 31. Kh2 Rf8 32. Ra6 Nb6 33. Bg5 Bc4 34. Ra1 Bf6 35. Bh6 Bg7 36. Be3 Qe7 37. h4 Ra8 38. Rxa8+ Nxa8 39. Qf2 Nb6 40. Bh3 Bf7 41. Bg5 Qd6 42. Qd2 Bf8 43. Qxd6 Bxd6 44. Kg2 Be8 45. Bd8 Bc6 46. Kf3 Na4 47. Na6 Nc3 48. Bxc7 Nxe4 49. b5 Bb7 50. Bc8 Bxc8 51. Kxe4 Bb7+ 52. Kd3 Bxc7 53. Nxc7 Kf7 54. Na6 Kf6 55. Nc5 Ba8 56. Ke3 Kf5 57. Nd3 Bb7 58. b6 Ba8 59. Kf2 e4 60. Nf4 g5 61. hxg5 Kxg5 62. Ng2 Kg4 63. Ne3+ Kh3 1/2-1/2

[Event "FIDE GP"]
[Site "Moscow"]
[Date "2002.06.03"]
[Round "3.2"]
[White "Bareev, Evgeny"]
[Black "Khalifman, Alexander"]
[Result "0-1"]
[WhiteElo "2724"]
[BlackElo "2698"]
[PlyCount "118"]
[EventDate "2002.06.01"]
[Source "ChessBase"]
[SourceDate "2002.09.20"]

1. d4 Nf6 2. c4 g6 3. g3 Bg7 4. Bg2 O-O 5. Nc3 d6 6. Nf3 Nc6 7. O-O a6 8. h3 e5 9. d5 Ne7 10. e4 b5 11. Qe2 c6 12. dxc6 Nxc6 13. Rd1 bxc4 14. Qxc4 Bb7 15. Qb3 Rb8 16. Qa3 Na5 17. Bg5 Nc4 18. Qb4 Bd5 19. Bxf6 Bxf6 20. Qxb8 Qxb8 21. Nxd5 Bd8 22. Nd2 Nb6 23. Nc3 Bg5 24. Nf3 Bh6 25. b3 Rc8 26. Rd3 Rc5 27. a4 Qc8 28. Ne2 d5 29. Rad1 d4 30. b4 Rc2 31. Nxe5 Rxe2 32. Rxd4 Qc3 33. a5 Re1+ 34. Rxe1 Qxe1+ 35. Bf1 Na4 36. b5 axb5 37. a6 Qa5 38. Rd6 Kf8 39. Rf6 Bg7 40. Rxf7+ Kg8 41. Re7 Bxe5 42. Rxe5 Nc3 43. Rc5 Nxe4 44. Rxb5 Qe1 45. Rb2 Nd2 46. Rxd2 Qxd2 47. h4 Kg7 48. Kg2 Qd4 49. Be2 Kf6 50. Bf3 Ke5 51. Be2 Kd5 52. Bf3+ Kc4 53. Bb7 Kd3 54. Kf3 Kd2 55. Kg2 Ke2 56. f4 Qf2+ 57. Kh3 h5 58. Bg2 Qb6 59. Bb7 Kf2 0-1

[Event "V Match Cina-Russia"]
[Site "Ningpo CINA"]
[Date "2008.09.21"]
[Round "4"]
[White "Bu Xiangzhi"]
[Black "Inarkiev, E."]
[Result "1-0"]
[WhiteElo "2710"]
[BlackElo "2675"]
[PlyCount "85"]
[EventDate "2008.09.18"]
[Source "www.chesslib.no"]
[SourceDate "2004.05.04"]

1. d4 Nf6 2. c4 g6 3. g3 Bg7 4. Bg2 O-O 5. Nc3 d6 6. Nf3 Nc6 7. O-O a6 8. b3 Rb8 9. Nd5 Nh5 10. Bb2 e6 11. Nc3 b5 12. cxb5 axb5 13. Rc1 Bd7 14. Qd2 b4 15. Na4 Na5 16. Qc2 Bxa4 17. bxa4 b3 18. axb3 Nxb3 19. Rb1 Qd7 20. d5 Nc5 21. dxe6 Qxa4 22. Qxa4 Nxa4 23. Bxg7 Kxg7 24. Nd4 Rxb1 25. Rxb1 Kf6 26. Rb3 Nc5 27. Rf3+ Ke7 28. exf7 Nf6 29. Nb5 Ne6 30. Rc3 c5 31. Re3 Ng4 32. Ra3 Rd8 33. Ra7+ Kf6 34. Bh3 h5 35. f3 Ne5 36. Nxd6 Rxd6 37. Bxe6 Kg7 38. Re7 c4 39. Re8 Nxf7 40. Bxc4 Nd8 41. Kf2 Kf6 42. h4 Nc6 43. Rf8+ 1-0

[Event "Belgrade Invest"]
[Site "Belgrade"]
[Date "1995.??.??"]
[Round "2"]
[White "Topalov, Veselin"]
[Black "Shirov, Alexei"]
[Result "1/2-1/2"]
[WhiteElo "2670"]
[BlackElo "2695"]
[PlyCount "39"]
[EventDate "1995.11.??"]
[Source "ChessBase"]

1. c4 Nf6 2. Nc3 g6 3. g3 Bg7 4. Bg2 O-O 5. d4 d6 6. Nf3 Nc6 7. O-O a6 8. b3 Rb8 9. Bb2 b5 10. Ne1 Na5 11. cxb5 axb5 12. Nd3 b4 13. Ne4 Nd5 14. e3 Ba6 15. Re1 e6 16. a3 Nxb3 17. Qxb3 bxa3 18. Qxa3 Bxd3 19. Qxd3 Rxb2 20. Reb1 1/2-1/2

[Event "Cap d'Agde-A"]
[Site "Cap d'Agde"]
[Date "2000.??.??"]
[Round "2"]
[White "Karpov, Anatoly"]
[Black "Tkachiev, Vladislav"]
[Result "1-0"]
[WhiteElo "2699"]
[BlackElo "2657"]
[PlyCount "107"]
[EventDate "2000.10.29"]
[Source "ChessBase"]
[SourceDate "2001.01.25"]

1. d4 Nf6 2. Nf3 g6 3. g3 Bg7 4. Bg2 O-O 5. c4 d6 6. O-O Nc6 7. Nc3 a6 8. Re1 Re8 9. d5 Na5 10. Qd3 c5 11. Rb1 e6 12. Bg5 h6 13. Bxf6 Bxf6 14. dxe6 Bxe6 15. Nd5 Bf5 16. e4 Bg4 17. a3 Nc6 18. b4 cxb4 19. axb4 Bg7 20. h3 Be6 21. Red1 a5 22. bxa5 Nxa5 23. Nb6 Ra6 24. c5 Ba2 25. Rb5 Nc6 26. Qxd6 Qxd6 27. cxd6 Na7 28. Bf1 Nxb5 29. Bxb5 Bb3 30. Rd3 Ra1+ 31. Kg2 Bc2 32. Rd2 Bxe4 33. d7 Rd8 34. Re2 f5 35. Bd3 Bf6 36. Bxe4 fxe4 37. Rxe4 Rb1 38. Nd5 Kg7 39. Re6 Bg5 40. Ne5 Rd1 41. Rxg6+ Kh7 42. Nf6+ Bxf6 43. Rxf6 Rd5 44. Rf7+ Kg8 45. Re7 Rxe5 46. Rxe5 Rxd7 47. Rb5 Kf7 48. Rb6 h5 49. Rh6 b5 50. Rxh5 b4 51. Rb5 Rd4 52. h4 Ke6 53. h5 Kd6 54. h6 1-0

[Event "Dortmund"]
[Site "?"]
[Date "1999.??.??"]
[Round "?"]
[White "Karpov, An"]
[Black "Sokolov, I."]
[Result "1-0"]
[WhiteElo "2700"]
[BlackElo "2655"]
[PlyCount "79"]
[EventDate "1999.??.??"]
[Source "Chess Informant"]
[SourceDate "1999.06.01"]

1. d4 Nf6 2. c4 g6 3. g3 Bg7 4. Bg2 O-O 5. Nc3 Nc6 6. Nf3 d6 7. O-O Rb8 8. b3 a6 9. Nd5 Ne4 10. Bb2 f5 11. e3 e6 12. Nc3 Nxc3 13. Bxc3 Qe7 14. b4 Nd8 15. b5 Nf7 16. Qb3 b6 17. Nd2 Kh8 18. f4 Bb7 19. a4 Bxg2 20. Kxg2 Ra8 21. Rae1 Qd7 22. Nf3 axb5 23. axb5 Ra7 24. Ra1 Rfa8 25. Rxa7 Rxa7 26. Rf2 Qe8 27. c5 d5 28. Rc2 Qa8 29. cxb6 cxb6 30. Bb4 Nd8 31. Qc3 Ra2 32. Be7 Nf7 33. Rxa2 Qxa2+ 34. Kf1 Qb1+ 35. Kf2 h6 36. Qc6 Qd3 37. Ng1 Bxd4 38. Qe8+ Kg7 39. Qf8+ Kh7 40. Qxf7+ 1-0

[Event "6th Gibtelecom Masters"]
[Site "Gibraltar ENG"]
[Date "2008.01.29"]
[Round "8"]
[White "Bu Xiangzhi"]
[Black "Bologan, V."]
[Result "1-0"]
[WhiteElo "2691"]
[BlackElo "2663"]
[PlyCount "145"]
[EventDate "2008.01.22"]
[Source "www.chesslib.no"]
[SourceDate "2004.05.04"]

1. Nf3 Nf6 2. c4 g6 3. g3 Bg7 4. Bg2 O-O 5. O-O d6 6. d4 Nc6 7. Nc3 a6 8. b3 Rb8 9. Nd5 e6 10. Nxf6+ Qxf6 11. Bg5 Qf5 12. Qd2 Nxd4 13. Nxd4 Bxd4 14. Qxd4 Qxg5 15. Qa7 Bd7 16. Bxb7 a5 17. Rfd1 Rfd8 18. Bf3 Qc5 19. Qxc5 dxc5 20. Rd3 Kf8 21. Rad1 Ke7 22. Re3 a4 23. Rd5 axb3 24. axb3 Ra8 25. Rxc5 Ra7 26. Rd3 Rb8 27. e4 f6 28. e5 f5 29. g4 fxg4 30. Bxg4 Rf8 31. b4 c6 32. Bf3 Rb8 33. Bxc6 Rxb4 34. Rh3 h5 35. Be4 Be8 36. Kg2 g5 37. Rg3 g4 38. h3 Rd7 39. hxg4 Rd4 40. Bf3 h4 41. Rh3 Rbxc4 42. Rxc4 Rxc4 43. Rxh4 Rc5 44. Rh7+ Kf8 45. Rh8+ Ke7 46. Rh7+ Kf8 47. Kg3 Rxe5 48. Kf4 Ra5 49. Rh8+ Ke7 50. Be4 Ra4 51. Rh7+ Kf8 52. f3 Bg6 53. Rb7 Bxe4 54. fxe4 Ra5 55. g5 Rc5 56. g6 Rh5 57. Rh7 Ra5 58. e5 Kg8 59. Rd7 Rb5 60. Ra7 Rb1 61. Kg5 Rf1 62. Rf7 Rg1+ 63. Kf6 Rf1+ 64. Kxe6 Rg1 65. Kf6 Rf1+ 66. Ke7 Rg1 67. e6 Rxg6 68. Rf1 Kg7 69. Kd7 Rg2 70. e7 Rd2+ 71. Ke8 Ra2 72. Rg1+ Kh7 73. Re1 1-0

[Event "IV RUS-CHN Match"]
[Site "Nizhniy Novgorod RUS"]
[Date "2007.08.29"]
[Round "9"]
[White "Bu Xiangzhi"]
[Black "Inarkiev, E."]
[Result "1/2-1/2"]
[WhiteElo "2685"]
[BlackElo "2663"]
[PlyCount "103"]
[EventDate "2007.08.20"]
[Source "www.chesslib.no"]
[SourceDate "2004.05.04"]

1. d4 Nf6 2. c4 g6 3. g3 Bg7 4. Bg2 O-O 5. Nc3 d6 6. Nf3 Nc6 7. O-O Rb8 8. b3 a6 9. Bb2 b5 10. cxb5 axb5 11. Ne1 Bd7 12. Rc1 e5 13. Bxc6 Bxc6 14. dxe5 dxe5 15. Qxd8 Rfxd8 16. Nd3 e4 17. Nb4 Be8 18. Nb1 Rb7 19. Rfd1 Rxd1+ 20. Rxd1 c5 21. Na6 e3 22. fxe3 Ra7 23. Nxc5 Rxa2 24. Bxf6 Bxf6 25. Ne4 Be5 26. Rd8 Kf8 27. Nbc3 Ra1+ 28. Kf2 f5 29. Nd6 Bxd6 30. Rxd6 Ra3 31. Nd5 Rxb3 32. Nf6 b4 33. Rb6 Bf7 34. Nxh7+ Kg7 35. Rb7 Kxh7 36. Rxf7+ Kh6 37. e4 fxe4 38. Re7 Rb1 39. Rxe4 b3 40. Rb4 b2 41. Kg2 Kg5 42. Rb5+ Kf6 43. Kh3 Kg7 44. Rb7+ Kh6 45. Kg2 Kh5 46. h4 g5 47. Rb5 Re1 48. Rxb2 gxh4 49. Rb5+ Kg6 50. Rb6+ Kg7 51. Rb7+ Kg6 52. Rb6+ 1/2-1/2

[Event "Dos Hermanas-A"]
[Site "Dos Hermanas"]
[Date "2003.03.31"]
[Round "4"]
[White "Rustemov, Alexander"]
[Black "Shirov, Alexei"]
[Result "1/2-1/2"]
[WhiteElo "2604"]
[BlackElo "2723"]
[PlyCount "47"]
[EventDate "2003.03.28"]
[Source "ChessBase"]
[SourceDate "2003.07.25"]

1. Nf3 Nf6 2. c4 g6 3. g3 Bg7 4. Bg2 O-O 5. O-O d6 6. d4 Nc6 7. Nc3 a6 8. b3 Rb8 9. Nd5 Bg4 10. Bb2 Nxd5 11. cxd5 Nb4 12. h3 Bd7 13. e4 a5 14. Qe2 c6 15. dxc6 Bxc6 16. a3 Na6 17. Rac1 Qb6 18. Qe3 Rbc8 19. Rc3 Bd7 20. Rfc1 Nc7 21. R3c2 Ne6 22. Bf1 Rxc2 23. Rxc2 Rc8 24. Rxc8+ 1/2-1/2

[Event "Selfoss Milk Masters 2nd"]
[Site "Selfoss"]
[Date "2003.10.29"]
[Round "1"]
[White "Nikolic, Predrag"]
[Black "Bologan, Viktor"]
[Result "1-0"]
[WhiteElo "2647"]
[BlackElo "2673"]
[PlyCount "123"]
[EventDate "2003.10.29"]
[Source "ChessBase"]
[SourceDate "2004.02.03"]

1. d4 Nf6 2. c4 g6 3. Nf3 Bg7 4. g3 O-O 5. Bg2 d6 6. O-O Nc6 7. Nc3 a6 8. h3 Bd7 9. e4 e5 10. dxe5 dxe5 11. Be3 Be6 12. b3 h6 13. Qc1 Qc8 14. Kh2 g5 15. Ne1 Qd8 16. Qd1 Nd4 17. Nd3 Nh7 18. Qd2 c6 19. Rad1 Qa5 20. Na4 Qxd2 21. Rxd2 b5 22. Nb6 Rab8 23. c5 Rfd8 24. Nxe5 Bxe5 25. Rfd1 Nf8 26. Bxd4 Bc7 27. e5 Nd7 28. Nxd7 Bxd7 29. e6 Bxe6 30. Bxc6 Ba5 31. Rc2 Bd5 32. Bxd5 Rxd5 33. a3 Rbd8 34. b4 Bc7 35. Rcd2 Be5 36. Be3 Rxd2 37. Rxd2 Rxd2 38. Bxd2 Kf8 39. f4 Bf6 40. fxg5 hxg5 41. Kg2 Ke7 42. Kf3 Ke6 43. Bc1 Kf5 44. g4+ Ke6 45. c6 Bd8 46. c7 Bxc7 47. Bxg5 f5 48. Bf4 fxg4+ 49. hxg4 Bd8 50. Ke4 a5 51. Bd2 axb4 52. axb4 Be7 53. g5 Kf7 54. Kf5 Bf8 55. Bc3 Be7 56. Be1 Bd6 57. Bc3 Be7 58. g6+ Kg8 59. Ke5 Bf8 60. Ke6 Bh6 61. g7 Bg5 62. Kd6 1-0

[Event "VIII Torneo Karpov"]
[Site "Poikovsky RUS"]
[Date "2007.03.18"]
[Round "4"]
[White "Alekseev, Evgeny"]
[Black "Bologan, V."]
[Result "1-0"]
[WhiteElo "2661"]
[BlackElo "2658"]
[PlyCount "105"]
[EventDate "2007.03.15"]
[Source "www.chesslib.no"]
[SourceDate "2004.05.04"]

1. Nf3 Nf6 2. c4 g6 3. g3 Bg7 4. Bg2 O-O 5. O-O d6 6. Nc3 a6 7. d4 Nc6 8. Qd3 Nd7 9. Be3 h6 10. Qd2 Kh7 11. d5 Na5 12. b3 c5 13. dxc6 bxc6 14. Rac1 Rb8 15. Ba7 Rb7 16. Bd4 c5 17. Bxg7 Kxg7 18. Nd5 e6 19. Qc3+ Kh7 20. Nf4 Nf6 21. Rfd1 Rd7 22. a3 Nc6 23. b4 e5 24. Nd5 Nxd5 25. cxd5 Nd4 26. Nxd4 cxd4 27. Qb3 Bb7 28. a4 f5 29. Rc2 Qf6 30. b5 axb5 31. axb5 Rff7 32. b6 h5 33. Rdc1 h4 34. Rc7 hxg3 35. hxg3 Qg5 36. R1c2 Qd8 37. Qb5 Rde7 38. Qa5 e4 39. R2c4 Qh8 40. Qb4 Qe5 41. Rxe7 Rxe7 42. Rxd4 Bxd5 43. e3 g5 44. g4 fxg4 45. Qa5 Bb7 46. Qxe5 dxe5 47. Bxe4+ Kg7 48. Rb4 Kf6 49. Bxb7 Rxb7 50. Kg2 Ke6 51. Kg3 Kd6 52. Kxg4 Kc5 53. Rb2 1-0

[Event "Corr"]
[Site "?"]
[Date "1999.??.??"]
[Round "?"]
[White "Elwert Hans-Marcus"]
[Black "Berdichesky Ruben"]
[Result "1-0"]
[WhiteElo "2681"]
[BlackElo "2633"]
[PlyCount "66"]
[EventDate "1999.??.??"]
[Source "www.chesslib.no"]
[SourceDate "2004.05.04"]

1. Nf3 Nf6 2. c4 g6 3. d4 Bg7 4. g3 O-O 5. Bg2 d6 6. Nc3 Nc6 7. O-O a6 8. h3 e5 9. Be3 Rb8 10. Rc1 exd4 11. Nxd4 Na5 12. b3 c5 13. Nc2 Be6 14. Na3 Nc6 15. Qd2 Qd7 16. Kh2 Rfd8 17. Rfd1 Nd4 18. Bf4 Ne8 19. e3 Nc6 20. e4 Nd4 21. Nc2 Nc6 22. a4 Nc7 23. Nd5 Bxd5 24. cxd5 Ne5 25. Bg5 f6 26. Be3 b6 27. f4 Nf7 28. g4 Re8 29. Qd3 b5 30. b4 c4 31. Qd2 f5 32. gxf5 gxf5 33. Bd4 Bh6 1-0

[Event "Amber-blind 6th"]
[Site "Monte Carlo"]
[Date "1997.??.??"]
[Round "4"]
[White "Ljubojevic, Ljubomir"]
[Black "Ivanchuk, Vassily"]
[Result "1/2-1/2"]
[WhiteElo "2570"]
[BlackElo "2740"]
[PlyCount "179"]
[EventDate "1997.04.18"]
[Source "ChessBase"]

1. d4 Nf6 2. c4 g6 3. Nf3 Bg7 4. g3 O-O 5. Bg2 d6 6. O-O Nc6 7. Nc3 a6 8. h3 e5 9. d5 Ne7 10. e4 Ne8 11. Be3 f5 12. Qd2 Nf6 13. Ng5 fxe4 14. Ncxe4 Nf5 15. Nxf6+ Bxf6 16. Ne4 Nxe3 17. Qxe3 Bf5 18. Nxf6+ Rxf6 19. c5 dxc5 20. Qxc5 Qd6 21. Rac1 Rf7 22. Rfe1 Raf8 23. Qxd6 cxd6 24. Re3 h5 25. h4 Bg4 26. Rc2 Kg7 27. Rec3 Kh6 28. Rc7 g5 29. Rxf7 Rxf7 30. hxg5+ Kxg5 31. Rc4 Kf6 32. Kf1 Rf8 33. Ke1 Rc8 34. Rxc8 Bxc8 35. Ke2 Kg5 36. Ke3 h4 37. gxh4+ Kxh4 38. a3 a5 39. Be4 Kg5 40. Bg2 Bd7 41. Be4 Ba4 42. Bg2 Bc2 43. Bh3 Bf5 44. Bg2 b6 45. Bf1 Bg6 46. Bg2 Kg4 47. Bf1 Be8 48. Be2+ Kg5 49. Bf1 Bd7 50. Bg2 Bb5 51. Be4 Bc4 52. Bg2 Kg4 53. Be4 Bf1 54. Bf3+ Kf5 55. Be4+ Kg5 56. Bf3 Kf6 57. Be4 Ke7 58. Bf3 Bc4 59. Be4 Bb3 60. Bg2 b5 61. Be4 b4 62. axb4 axb4 63. Bg2 Kd7 64. f4 Kc7 65. Bf3 Bc2 66. Be4 Ba4 67. Bf3 Bd7 68. Bg2 Bc8 69. Bf3 Bh3 70. Kd3 Bf1+ 71. Ke4 exf4 72. Kxf4 Kb6 73. Kf5 Bh3+ 74. Kf6 Kc5 75. Ke7 Bf5 76. Bg2 Bc2 77. Bf3 Bb1 78. Bg2 Bh7 79. Kf7 Kc4 80. Ke6 Kc5 81. Kf7 Bf5 82. Ke7 Bg4 83. Bh1 Bd1 84. Bg2 Ba4 85. Bf3 Bb5 86. Bg2 Be2 87. Bh1 Bh5 88. Bg2 Bg6 89. Kf6 Bh7 90. Kf7 1/2-1/2

[Event "FIDE Wch"]
[Site "Las Vegas"]
[Date "1999.08.06"]
[Round "3.1"]
[White "Timman, Jan Hein"]
[Black "Fedorov, Alexander"]
[Result "0-1"]
[WhiteElo "2650"]
[BlackElo "2659"]
[PlyCount "68"]
[EventDate "1999.07.??"]
[Source "www.chesslib.no"]
[SourceDate "2004.05.04"]

1. d4 Nf6 2. c4 g6 3. Nf3 Bg7 4. g3 O-O 5. Bg2 d6 6. O-O Nc6 7. Nc3 a6 8. b3 Rb8 9. Nd5 e6 10. Nxf6+ Qxf6 11. Bg5 Qf5 12. Be3 e5 13. Qd2 Qh5 14. d5 Ne7 15. Ng5 Nxd5 16. cxd5 h6 17. Ne4 b6 18. h4 Kh7 19. Rad1 Bf5 20. b4 Bxe4 21. f3 Qg4 22. fxe4 a5 23. Kh2 Qf3 24. Bxf3 Rbc8 25. Rb1 Rb8 26. bxa5 bxa5 27. Rb4 Rxb4 28. Kg2 h5 29. Qd3 Bh6 30. Bf2 Rb1 31. Ba7 a4 32. Qa3 g5 33. Rc1 gxh4 34. Rxc7 Kg7 0-1

[Event "Masters"]
[Site "Bunratty IRL"]
[Date "2008.02.23"]
[Round "4"]
[White "Pert, N."]
[Black "Svidler, P."]
[Result "0-1"]
[WhiteElo "2528"]
[BlackElo "2763"]
[PlyCount "98"]
[EventDate "2008.02.22"]
[Source "www.chesslib.no"]
[SourceDate "2004.05.04"]

1. d4 Nf6 2. Nf3 g6 3. c4 Bg7 4. g3 O-O 5. Bg2 d6 6. O-O Nc6 7. Nc3 a6 8. h3 Bd7 9. e4 e5 10. Be3 exd4 11. Nxd4 Re8 12. Re1 Qc8 13. Nxc6 bxc6 14. g4 Rb8 15. Rb1 Be6 16. c5 h5 17. f3 Rd8 18. cxd6 cxd6 19. Bg5 Qc7 20. Qd2 hxg4 21. fxg4 Re8 22. Bf4 Qb6+ 23. Qf2 Qxf2+ 24. Kxf2 Red8 25. Kg1 Rb4 26. Bg3 d5 27. exd5 cxd5 28. a3 Rb3 29. Bh4 Rdb8 30. Rbd1 Rxb2 31. Bxf6 Bxf6 32. Nxd5 Bh4 33. Rf1 R8b3 34. Rf3 Rxf3 35. Bxf3 Rb3 36. Bg2 Rxa3 37. Nf4 Bb3 38. Rb1 Kg7 39. Bf1 a5 40. Ne2 Bf6 41. Bg2 a4 42. Kf2 Ra2 43. Bf3 Rb2 44. Be4 a3 45. g5 Bd4+ 46. Kf3 a2 47. Rc1 Be5 48. Nf4 Rh2 49. Kg3 Rd2 0-1

[Event "Dubai op"]
[Site "Dubai"]
[Date "1999.05.08"]
[Round "8"]
[White "Akopian, Vladimir"]
[Black "Sakaev, Konstantin"]
[Result "1/2-1/2"]
[WhiteElo "2640"]
[BlackElo "2649"]
[PlyCount "45"]
[EventDate "1999.05.??"]
[Source "ChessBase"]
[SourceDate "1999.07.10"]

1. c4 Nf6 2. Nc3 g6 3. g3 Bg7 4. Bg2 O-O 5. d4 d6 6. Nf3 a6 7. O-O Nc6 8. b3 Rb8 9. Nd5 Nh5 10. Bb2 e6 11. Ne3 Bd7 12. Qd2 Ne7 13. c5 Bc6 14. cxd6 cxd6 15. Nc4 Nf6 16. a4 Bd5 17. a5 Ne4 18. Qb4 Nc6 19. Qa4 Na7 20. Qb4 Nc6 21. Qa4 Na7 22. Qb4 Nc6 23. Qa4 1/2-1/2

[Event "Donner mem"]
[Site "Amsterdam"]
[Date "1995.??.??"]
[Round "9"]
[White "Timman, Jan H"]
[Black "Shirov, Alexei"]
[Result "1/2-1/2"]
[WhiteElo "2590"]
[BlackElo "2695"]
[PlyCount "39"]
[EventDate "1995.08.??"]
[Source "ChessBase"]

1. c4 Nf6 2. Nf3 g6 3. g3 Bg7 4. Bg2 O-O 5. O-O d6 6. d4 Nc6 7. Nc3 a6 8. h3 Bd7 9. Bg5 h6 10. Be3 Rb8 11. Nd5 b5 12. Qd2 bxc4 13. Nxf6+ exf6 14. Bxh6 Bxh6 15. Qxh6 Rxb2 16. Nh4 Ne7 17. Bd5 Nxd5 18. Nxg6 fxg6 19. Qxg6+ Kh8 20. Qh6+ 1/2-1/2

[Event "Biel"]
[Site "Biel"]
[Date "1995.??.??"]
[Round "5"]
[White "Adianto, Utut"]
[Black "Gelfand, Boris"]
[Result "1-0"]
[WhiteElo "2590"]
[BlackElo "2685"]
[PlyCount "165"]
[EventDate "1995.07.??"]
[Source "ChessBase"]

1. d4 Nf6 2. c4 g6 3. g3 Bg7 4. Bg2 O-O 5. Nf3 d6 6. O-O Nc6 7. Nc3 a6 8. h3 Bd7 9. e4 e5 10. d5 Nd4 11. Nxd4 exd4 12. Qxd4 Qc8 13. h4 b5 14. cxb5 axb5 15. Qb4 Ng4 16. Bf4 Re8 17. Rac1 Qb8 18. Bh3 Qb6 19. Bxg4 Bxg4 20. Qxb5 Reb8 21. Qxb6 Rxb6 22. b3 c5 23. dxc6 Rxc6 24. Nd5 Rxc1 25. Rxc1 Rxa2 26. Kg2 Bd4 27. Be3 Bxe3 28. Nxe3 Be6 29. Rb1 Bd7 30. g4 Bb5 31. Kg3 Bd3 32. Rd1 Bxe4 33. Rxd6 Rb2 34. Rb6 Kg7 35. g5 h6 36. b4 hxg5 37. hxg5 Kf8 38. f3 Bd3 39. Kf4 Ke8 40. Ke5 Re2 41. Kd4 Bb1 42. b5 Rf2 43. Rb8+ Kd7 44. Rb7+ Ke6 45. Rb6+ Kd7 46. Rf6 Rd2+ 47. Kc5 Ba2 48. Nc4 Rg2 49. Rxf7+ Ke6 50. Rf4 Rxg5+ 51. Kc6 Bb3 52. Re4+ Kf6 53. Ne3 Be6 54. b6 Bc8 55. Nd5+ Kg7 56. Nb4 Rg1 57. Rc4 Re1 58. Kc7 Re8 59. Re4 Rf8 60. Nc6 Ba6 61. Re3 Kh6 62. Ra3 Rf7+ 63. Kd6 Rf6+ 64. Ke7 Rxc6 65. Rxa6 Kh7 66. Kd8 Kh6 67. Ke7 Kh7 68. Kd7 Rf6 69. b7 Rxa6 70. b8=Q Ra5 71. Ke6 Rf5 72. Qg3 Kg7 73. Qg4 Rf6+ 74. Ke5 Rf7 75. Ke4 Kh7 76. Qc8 Kg7 77. Ke3 Rf8 78. Qc3+ Kh7 79. Kf2 Rf5 80. Kg3 Rg5+ 81. Kf4 Rf5+ 82. Kg4 Rf7 83. Qe5 1-0

[Event "France"]
[Site "?"]
[Date "2004.??.??"]
[Round "?"]
[White "Pigusov, E."]
[Black "Bologan, V."]
[Result "0-1"]
[WhiteElo "2605"]
[BlackElo "2665"]
[PlyCount "108"]
[EventDate "2004.??.??"]
[Source "Chess Informant"]
[SourceDate "2004.06.01"]

1. Nf3 Nf6 2. c4 g6 3. g3 Bg7 4. Bg2 O-O 5. d4 d6 6. Nc3 Nc6 7. O-O a6 8. h3 Bd7 9. e4 e5 10. d5 Nd4 11. Nxd4 exd4 12. Qxd4 Qc8 13. h4 Ng4 14. Qd2 b5 15. Qe2 Ne5 16. cxb5 axb5 17. Nxb5 Qa6 18. Nd4 Qxe2 19. Nxe2 Rfb8 20. Nf4 Nc4 21. Nd3 Bb5 22. Re1 Ba4 23. e5 Nxe5 24. Nxe5 Bxe5 25. Re2 Bb3 26. a3 Ba4 27. Rb1 Bb5 28. Rd2 Rb7 29. Be4 Bc4 30. b4 Re8 31. Rc2 Bb5 32. Bh6 Bg7 33. Bxg7 Rxe4 34. Bf6 Bd3 35. Rbc1 Bxc2 36. Rxc2 Re1+ 37. Kg2 Kf8 38. Bd8 Ke8 39. Bxc7 Kd7 40. Ba5 Rd1 41. Kf3 Rxd5 42. Rc3 Re5 43. a4 f5 44. Kf4 h6 45. f3 Ke6 46. Ra3 Rg7 47. g4 g5+ 48. Kg3 fxg4 49. Bb6 gxh4+ 50. Kxh4 gxf3 51. a5 Re4+ 52. Kh5 Rg5+ 53. Kxh6 Rg2 54. Kh5 Re1 0-1

[Event "Lost Boys op"]
[Site "Antwerp"]
[Date "1997.08.08"]
[Round "7"]
[White "Vaganian, Rafael A"]
[Black "Nijboer, Friso"]
[Result "1-0"]
[WhiteElo "2640"]
[BlackElo "2605"]
[PlyCount "63"]
[EventDate "1997.08.02"]
[Source "ChessBase"]
[SourceDate "1997.09.26"]

1. Nf3 Nf6 2. c4 g6 3. g3 Bg7 4. Bg2 O-O 5. Nc3 d6 6. O-O Nc6 7. d4 Rb8 8. h3 a6 9. e4 b5 10. e5 dxe5 11. dxe5 Qxd1 12. Rxd1 Nd7 13. e6 fxe6 14. cxb5 axb5 15. Bf4 b4 16. Na4 Nb6 17. Nxb6 Rxb6 18. Rac1 Bxb2 19. Bxc7 Ra6 20. Rc4 Rxa2 21. Rxc6 Bb7 22. Ng5 Bxc6 23. Bxc6 Ra1 24. Rxa1 Bxa1 25. Nxe6 Rf6 26. Bd5 Kf7 27. g4 h6 28. f4 g5 29. Be5 Bxe5 30. fxe5 Rg6 31. Nxg5+ Kf8 32. Ne6+ 1-0

[Event "otb"]
[Site "otb"]
[Date "2007.04.15"]
[Round "1.1"]
[White "Roiz Michael"]
[Black "Bologan Viktor"]
[Result "0-1"]
[WhiteElo "2605"]
[BlackElo "2636"]
[PlyCount "126"]
[Source "www.chesslib.no"]
[SourceDate "2004.05.04"]

1. d4 Nf6 2. c4 g6 3. g3 Bg7 4. Bg2 O-O 5. Nc3 d6 6. Nf3 Nc6 7. O-O a6 8. d5 Na5 9. b3 c5 10. dxc6 bxc6 11. Bd2 c5 12. Rc1 Bb7 13. Nd5 Nc6 14. Bc3 Nxd5 15. cxd5 Nb4 16. Bxg7 Kxg7 17. Qd2 Nxd5 18. Ng5 e6 19. Rfd1 Qe7 20. Qb2+ Kg8 21. Ne4 f5 22. Nd2 Nb6 23. Bxb7 Qxb7 24. Qc3 Nd5 25. Qf3 Rad8 26. Nc4 Qc7 27. Rd2 Nf6 28. Rdc2 Ne4 29. Nd2 Ng5 30. Qd3 Qb7 31. f3 Nf7 32. Qe3 Rfe8 33. Rc4 Ne5 34. Ra4 Nc6 35. Nc4 Nd4 36. Kf2 e5 37. Nd2 e4 38. f4 Ne6 39. Kg1 d5 40. Qc3 Qb5 41. Re1 Nd4 42. Kf1 e3 43. Nb1 Nxe2 44. Rxe2 d4 45. Qc4+ Qxc4 46. Rxc4 d3 47. Rxc5 dxe2+ 48. Kxe2 Rc8 49. Rxc8 Rxc8 50. Kxe3 Rc2 51. a4 Rxh2 52. Nd2 Kf7 53. b4 Ke6 54. Kd3 Rg2 55. b5 axb5 56. axb5 Rxg3+ 57. Kd4 Kd7 58. Nc4 Rb3 59. Kc5 Rc3 60. Kd4 Rc1 61. Kd5 Kc7 62. Ne5 Kb6 63. Ke6 Rf1 0-1

[Event "Elista (ol) 73/637"]
[Site "?"]
[Date "1998.??.??"]
[Round "?"]
[White "Akopian, Vladimir"]
[Black "Bologan, Viktor"]
[Result "1-0"]
[WhiteElo "2655"]
[BlackElo "2585"]
[PlyCount "91"]
[Source "ChessBase"]
[SourceDate "1998.06.01"]

1. Nf3 Nf6 2. c4 g6 3. g3 Bg7 4. Bg2 O-O 5. O-O d6 6. Nc3 a6 7. d4 Nc6 8. b3 Rb8 9. Nd5 Nh5 10. Bb2 e6 11. Ne3 f5 12. Qd2 Ne7 13. Rac1 b6 14. c5 dxc5 15. Rfd1 f4 16. Ng4 cxd4 17. Bxd4 e5 18. Ngxe5 c5 19. Bc3 Qxd2 20. Rxd2 fxg3 21. hxg3 Nf6 22. Ng5 Bf5 23. e4 Bc8 24. Nc4 h6 25. Be5 Rb7 26. Bd6 hxg5 27. e5 Ng4 28. Bxb7 Bxb7 29. Bxe7 Rf7 30. Bxg5 Bxe5 31. Re1 Bd4 32. Rxd4 cxd4 33. Nd6 Rxf2 34. Re8+ Kg7 35. Re7+ Kg8 36. Re8+ Kg7 37. Re7+ Kg8 38. Rxb7 d3 39. Rb8+ Kh7 40. Rb7+ Kg8 41. Nc4 b5 42. Rb8+ Kg7 43. Ne5 d2 44. Rd8 Re2 45. Rd7+ Kf8 46. Nxg4 1-0